Statistiques concernant Les juges de danse avec les stars (France)

Cliquez ici pour prendre le quiz!

Statistiques générales

  • Ce quiz a été pris 420 fois
    (93 depuis la dernière actualisation)
  • Le résultat moyen est 10 sur 15

Statistiques - réponses

Saison dans laquelle il/elle est jugeNom du juge% Correct
Saison 1 à 13Chris Marques
99%
Saison 6 à 8 et Saison 13Fauve Hautot
98%
Saison 1 à 10 et Saison 13Jean-Marc Généreux
98%
Saison 3 et 4 et Saison 9 et 10Shy'm
82%
Saison 13Mel Charlot
78%
Saison 11Denitsa Ikonomova
76%
Saison 11Jean-Paul Gaultier
66%
Saison 3 à 7Marie-Claude Pietragalla
66%
Saison 11 et 12François Alu
65%
Saison 5M. Pokora
63%
Saison 12Bilal Hassani
61%
Saison 9 et 10Patrick Dupond
60%
Saison 8Nicolas Archambault
44%
Saison 12Marie-Agnès Gillot
34%
Saison 1Alessandra Martines
28%

Distribution des résultats

Percentile par nombre de réponses

% des personnes avec chaque résultat

Votre développement - résultats

Vous n’avez pas pris ce quiz depuis la dernière actualisation